000 00600nam a2200229Ia 4500
005 20180814114951.0
008 131103s9999 xx 000 0 und d
020 _a9.79E+12
_cRs.500.00
040 _aLoreto College
041 _aEnglish
082 _a519.5
_bKEN
100 _aKenney,J.F.
245 _aMathematics of Statistics Pt.1
_cJ.F.Kenney and E.S.Keeping
250 _a3rd ed
260 _aNew Delhi
_bAffiliated East-West Press
_c1954
300 _axi,348p
504 _aIncludes index
650 _aStatistics
700 _4Auth
_aKeeping,E.S.
850 _aLCLIB
942 _cBK
999 _c38285
_d88764